LEADER 00907nam a2200229 4500 001 000000335928 003 CaOOAMICUS 005 20190812100552.0 008 190809s1787 it 000 u ita r 026 $a6... i-to o.la Vede (3) 1787 (R) 040 $aSeMil$bita 245 00$aTomo 14. 264 1$aIn Pistoja :$bNella stamperia d'Atto Bracali,$c1787. 300 $a[4], 424 p. ;$c8° 500 $aSegn.: ?² A-2C? 2D? 752 $aIT$dPistoia 773 0 $tRaccolta di opuscoli interessanti la religione. Tomo 1. [-17.].$dIn Pistoja : Nella stamperia d'Atto Bracali, 1783-1790.$w()335914 850 $aSeMil 852 $aSeMil$W1$xVenegono$y1$m3X IV 14 FA$j215242$B227770$CSeMilBibl$Z2$F227770 $8I 996 $6245$aTomo 14$9(OLS)http://semarc/title/296686 996 $6264$aIn Pistoja :$bNella stamperia d'Atto Bracali$9(OLS)http://semarc/publisher/58463 LEADER 01571nam a2200337 i 4500 001 000000228305 003 CaOOAMICUS 005 20140325000000.0 008 140325s2010 it u000 u ita u 013 $a207207 020 $a978-88-07-10377-X 040 $aSeMil$bita 100 1 $aRawls, John <1921-2002>.$0(OLS)http://semarc/name/47158 240 10$aLectures on the history of moral philosophy.$0(OLS)http://semarc/title/326792 245 10$aLezioni di storia della filosofia morale /$cJohn Rawls ; a cura di Barbara Herman ; nota all'edizione italiana di Salvatore Veca ; traduzione di Paola Palminiello. 250 $a[2. ed.]. 260 $aMilano :$bFeltrinelli,$c2010. 300 $aXX, 419 p. ;$c22 cm. 490 0 $aCampi del sapere ;$v. 650 4$aFilosofia morale.$0(OLS)http://semarc/subject/232 650 4$aEtica e morale - Sec. 17.-19.$0(OLS)http://semarc/subject/41250 700 1 $aPalminiello, Paola.$0(OLS)http://semarc/name/78996 700 1 $aVeca, Salvatore,$d<1943-2021>.$0(OLS)http://semarc/name/5269 700 1 $aHerman, Barbara.$0(OLS)http://semarc/name/78995 830 0$aCampi del sapere ;$v.$0(OLS)http://semarc/title/6510 850 $aSeMil 852 $aSeMil$W1$xVenegono$y1$m2P VII 65$j178651$B178651$CSeMilBibl$Z2$F189778 $81 961 $aAbbonamento: LI.CO.SA 996 $6020$a978-88-07-10377-X$9(OLS)http://semarc/number/230317 996 $6245$aLezioni di storia della filosofia morale$9(OLS)http://semarc/title/326791 996 $6260$aMilano :$bFeltrinelli$9(OLS)http://semarc/publisher/30237